00941nam a2200253 a 450000100060000000300080000600500170001400800410003103500190007204000420009104100080013308200260014110000290016724500830019626000530027930000330033241000390036550400360040465000300044083000470047094200120051799900170052995201410054673241BD-RjUL20211209082351.0170529s1959 nyuab b 000 0 eng  a(BD-RjUL)73459 aDLCcOWibfCdOCoLCdDLCdBD-RjULbeng aeng 223a551.468bHEF 19591 aHeezen, Bruce C.921664714aThe floors of the oceans /cby Bruce C. Heezen, Marie Tharp and Maurice Ewing. aNew York :bGeological Society of America,c1959 aVarious p. :bill. ;c25 cm.20aGeological Society of America.v65 aBibliography: v. 1, p. 109-113. aSubmarine geology9216648 aGeological Society of America.v659207674 2ddccBK c73241d73241 00102ddc40718NFICaRUCLbRUCLcReadingd1964-06-04eZeithingerg56.00l0o551.468 HEF 1959r2017-05-29 00:00:00tC-1w2017-05-29yBK